| 000 | 00711nam a2200265Ia 4500 | ||
|---|---|---|---|
| 003 | OSt | ||
| 005 | 20221006144213.0 | ||
| 006 | a|||||r|||| 00| 0 | ||
| 007 | ta | ||
| 008 | 221006b |||||||| |||| 00| 0 eng d | ||
| 020 |
_a0913546143 _c _4.95 |
||
| 024 | _a11,128 | ||
| 037 | _cTextual | ||
| 040 |
_aEASL _cEASL _beng |
||
| 041 |
_2eng _aeng |
||
| 082 | _aR8498, L51 | ||
| 100 |
_aTulku Tarthang Ed. _985148 |
||
| 245 | 0 |
_aReflections of mind _b Western Psychology meets Tibetan Buddhism |
|
| 260 |
_aCalifornia _bDharma Pub _c1975 |
||
| 300 |
_a198p. _ccm. |
||
| 490 | _v Gen | ||
| 650 | _aGen | ||
| 942 |
_hR8498, L51 _cTEXL _2CC |
||
| 999 |
_c1079214 _d1079214 |
||